000 04056nab a2200277 i 4500
003 BR-BrBNA
005 20231121101749.0
008 231121b2017 bl.qr|pooa||| 00| 0 por |
040 _aBR-BrBNA
_bpor
072 _aH10
_b4020
072 _aF40
100 _aMachado, Leonardo Mortari
100 _aCosta, Ervandil Corrêa
245 _aAltura de voo de escolitíneos (Coleoptera, Scolytinae) em povoamento de Pinus taeda L. no sul do Brasil
500 _aPublicação on-line; 25 ref.; 1 table; 4 illus.; Summaries (En, Pt)
520 _a RESUMO Os escolitíneos (Curculionidae, Scolytinae) são besouros broqueadores, pertencentes à ordem Coleoptera que se desenvolvem no interior de árvores. Em países do hemisfério norte, estes insetos causam prejuízos significativos, principalmente quando ocorrem em surtos epidêmicos. No Brasil, em geral, os danos causados são menores quando comparados aos do hemisfério norte. Tendo em vista a importância da subfamília Scolytinae, este trabalho tem por objetivo proporcionar um melhor entendimento do comportamento destes, principalmente no que tange à altura de voo em povoamento de Pinus taeda L.. Para tanto, foram instaladas 72 armadilhas de interceptação de voo, em área pertencente à Fundação Estadual de Pesquisa Agropecuária (FEPAGRO), localizada em Santa Maria, Rio Grande do Sul. As armadilhas foram distribuídas em diferentes alturas (tratamentos) com três repetições distantes 30 metros entre si. Os tratamentos corresponderam às alturas de 0,5; 1,0; 1,5; 2,0; 2,5; 3,0; 3,5; 4,0; 4,5; 5,0; 5,5 e 6,0 metros. Foram capturados: Hypothenemus eruditus em maior abundância na faixa de 1,0 a 1,5 metros; Xyleborus ferrugineus, Xyleborinus gracilis e Xyleborus affinis a 0,5 metros; Xyleborinus saxeseni e Xylosandrus retusus não apresentaram preferência de altura de voo. Conclui-se que o intervalo situado entre 0,5 e 1,5 metros é ideal para analisar quantitativamente os escolitíneos associados ao Pinus taeda. Palavras-chave: entomologia florestal; besouros-da-ambrosia; Pinaceae; distribuição vertical.
520 _a ABSTRACT Scolytids (Curculionidae, Scolytinae) are small borer beetles belonging to the order Coleoptera that develop within or under the bark of trees. In northern countries, these insects cause significant damage especially when outbreaks occur. In Brazil, in general, the damage is minor when compared to the northern hemisphere. Given the importance of subfamily Scolytinae, this paper aims at providing a better understanding of the behavior of Scolytids, mainly regarding the flight height in a stand of Pinus taeda L. For the execution of this work 72, intercept flight traps were installed in area belonging to the State Foundation for Agricultural Research (FEPAGRO), located in Santa Maria, Rio Grande do Sul state. The treatments correspond to heights of 0.5; 1.0; 1.5; 2.0; 2.5; 3.0; 3.5; 4.0; 4.5; 5.0; 5.5 and 6.0 meters. It was possible to capture: Hypothenemus eruditus in greater abundance at the range of 1 to 1.5 meters; Xyleborus ferrugineus, Xyleborinus gracilis and Xyleborus affinis to 0.5 meters; Xyleborinus saxeseni and Xylosandrus retusus with no preference. It is concluded that the range between 0.5 and 1.5 meters is ideal to analyze quantitatively the scolytids present in the Pinus taeda. Keywords: forest entomology; ambrosia beetles; Pinaceae; vertical distribution.
650 _aENTOMOLOGIA
650 _aFLORESTA
650 _aBESOURO
650 _aECOLOGIA FLORESTAL
773 0 _04065
_9102230
_dSanta Maria-RS Universidade Federal de Santa Maria - Centro de Pesquisas Florestais.Departamento de Ciências Florestais. Programa de Pós-Graduação em Engenharia Florestal 1991
_o2023-436645
_tCiência Florestal (Brazil)
_x0103-9954; 1980-5098 (on-line)
_gv. 27(2) p. 669-678; (Apr-Jun 2017)
_wBR2023001323
856 _uhttps://www.scielo.br/j/cflo/a/xHxdhjmt9hHRPJpBrVTKwMn/?format=pdf&lang=pt
942 _cAnalítica
999 _c86776
_d86776